| 000 | 00308nam a22001097a 4500 | ||
|---|---|---|---|
| 082 |
_a502 _bREV |
||
| 100 |
_aTime-Life Books, Virginia _938937 |
||
| 245 |
_aRevolution in science _cTime-Life Books, Virginia |
||
| 526 |
_a0 _b0 _c0 _d502_000000000000000_REV |
||
| 650 |
_aDonated to NUST _938938 |
||
| 942 |
_2ddc _cBK |
||
| 999 |
_c543542 _d543542 |
||